Pokémon - Les attaques de Phione - Statistiques

Statistiques générales
  • Ce quiz a été pris 11 fois
  • Le résultat moyen est 7 sur 11
Statistiques - réponses
Niveaux Types Noms des attaques % Correct
Niveau 9 Fée Charme
100%
Niveau 31 Poison Acidarmure
86%
Niveau 54 Eau Anneau Hydro
71%
Niveau 24 Eau Bulles d'O
71%
Niveau 69 Eau Danse Pluie
71%
Départ Eau Écume
71%
Niveau 39 Eau Siphon
71%
Niveau 46 Eau Vibraqua
71%
Départ Eau Tourniquet
57%
Niveau 61 Eau Plongée
43%
Niveau 16 Normal Ultrason
0%
Aucun quiz correspondant
Distribution des résultats
% des personnes avec chaque résultat
Percentile par nombre de réponses
Votre historique - résultats
Vous n’avez pas pris ce quiz